000 00549nam a2200205Ia 4500
005 20250508170019.0
008 008 250505s9999 xx 000 0 hin d
020 _a978-93-80458-15-1
037 _aTextual
040 _aFEDL
_beng
_cFEDL
041 _ahin
_2eng
084 _a891.433, DAV
_qFEDL
100 _aDave Ramesh
245 0 _aAalochna ki uttar- prampara
260 _aNew Delhi, India
_bSamayik Books
_c2019
300 _a288p.
365 _aINR
_b595
942 _cTEXL
_h891.433, DAV
999 _c1398686
_d1398686